| 000 | 00591nam a2200205 a 4500 | ||
|---|---|---|---|
| 005 | 20140310183603.0 | ||
| 008 | 120613s19uu xx 00 eng d | ||
| 020 | _a9780240815077 | ||
| 050 |
_aTR 179 _b.Z35 2011 |
||
| 100 | _aZakia, Richard D. | ||
| 245 |
_aPhotographic composition : _ba visual guide / _cRichard D. Zakia |
||
| 260 |
_aMassachussetts : _bFocal Press, _c2011. |
||
| 300 |
_a283 p. : _bill. col. ; _c25 cm. |
||
| 500 | _aIncludes index. | ||
| 521 | _aMA | ||
| 650 | _aComposition (Photography) | ||
| 700 | _aPage, David A. | ||
| 942 |
_cBK _2lcc _kFOR |
||
| 999 |
_c25133 _d25133 |
||